Technológia ď93

Podrobná bibliografia
Médium: Článok
Jazyk:Slovak
Témy:
Zdroj: 1. Slévárenství 1. 0037-6825 1. Roč. 42, č. 1(1994), s. 51,52
LEADER 00796nab#a2200301#ar4500
001 000024621
003 SVKKK
005 00000000000000.0
008 c xo e sloo
FMT
038 |a SVKKK 
040 |a SVKKK  |b slo  |e AACR2 
041 0 |a slo 
044 |a xo  |c SK 
080 |a 061.3 : 6  |2 1981 
080 |a 621.7  |2 1981 
100 1 |a Stanček, L.  |4 com 
245 1 0 |a Technológia ď93  |c Stanček L., 
300 |b Fotogr. 2 
650 0 4 |a Technológia '93 (seminár)  |z Strojnícka fakulta, Bratislava  |x 21.9.1993  |x priebeh  |x sekcia zlievárenská  |x informácie 
773 0 |t Slévárenství  |x 0037-6825  |g Roč. 42, č. 1(1994), s. 51,52 
957 |a Bratislava 
958 |a NP 
974 |d 940329  |a Ma/2 
992 |a RBX 
BAS
852 |a SVKKK  |b BIB 
998 |a HUT